000 00386nam a2200157Ia 4500
008 221030s9999 xx 000 0 und d
020 _a0070473552
041 _aEnglish
082 _a105.23
_bKha
100 _aR. S. Khandpur
245 0 _aHandbook of Biomedical Instrumentation
_cby R. S. Khandpur
260 _bTMH
_aNew Delhi
_c2003
300 _a924
650 _aECE
942 _cBK
999 _c3539
_d3539